Größte Städte im Benelux-Raum - Statistiken

Allgemein
  • Dieses Quiz wurde 40 mal gespielt
  • Das Durchschnittsergebnis liegt bei 11 aus 20
Antwortstatistiken
Einwohner Stadt % Korrekt
942.504 Amsterdam
100%
188.737 Brüssel
100%
674.485 Rotterdam
100%
569.076 Den Haag
97%
530.630 Antwerpen
83%
265.086 Gent
80%
378.278 Utrecht
77%
249.873 Eindhoven
74%
244.829 Groningen
63%
195.278 Lüttich
57%
172.002 Arnhem
49%
202.421 Charleroi
49%
230.757 Tilburg
43%
189.850 Nijmegen
34%
232.650 Almere
31%
190.171 Breda
31%
168.946 Haarlem
29%
169.222 Apeldoorn
26%
166.996 Haarlemmermeer
11%
165.235 Zaanstad
6%
Keine übereinstimmenden Quizze gefunden
Verteilung der Resultate
Anzahl Personen mit jedem Resultat
Perzentil nach korrekt beantworteten Fragen
Ihre Resultats-Entwicklung
Sie haben dieses Quiz noch nicht gespielt